• 首页
  • 本馆介绍
  • 公告通知
  • 最新文献
  • 馆藏检索
  • 电子资源
  • 读者导购
  • 参考咨询
  • 我的图书馆
  • 登录
  • 详细信息显示
  • 放入我的书架
  • 预约/预借图书
  • 作者相关作品
  • 分类相关作品
  • 丛书相关作品
  • 出版社相关作品

书目信息

  • 表格格式
  • 工作单格式
  • 卡片格式
题名:
编辑路上的风景
    
 
作者: 卞毓麟 著
分册:  
出版信息: 北京   首都师范大学出版社  2017
页数: 299页
开本: 24cm
丛书名: 书林守望丛书
单 册:
中图分类: G232-53
科图分类:
主题词: 科学普及--编辑工作--文集
电子资源:
ISBN: 978-7-5656-3521-2
000 01009oam2 2200241 450
001 7201
005 20180605103211.52
010    @a978-7-5656-3521-2@dCNY43.00
100    @a20170528d2017 em y0chiy0110 ea
101 0  @achi
102    @aCN@b110000
105    @ay z 000yy
200 1  @a编辑路上的风景@9bian ji lu shang de feng jing@f卞毓麟著
210    @a北京@c首都师范大学出版社@d2017
215    @a299页@d24cm
225 2  @a书林守望丛书
330    @a本书记述了作者从事科普编辑及科普创作的工作历程,分享了作者多年来从工作实践中得来的经验和思考,真实且实用。其间的人物掌故、品评鉴赏以及对新时期编辑出版工作的探索,均具有宝贵价值。全书分从“《编辑的故事》说起”“108种书的中译本”“在阿西莫夫家做客”“《我是编辑》启示录”等16章。本书作为“书林守望丛书”的一种,将为我国出版事业的发展繁荣提供积累与借鉴。
461  0 @12001 @a书林守望丛书
606 0  @a科学普及@x编辑工作@j文集
690    @aG232-53@v5
701  0 @a卞毓麟@9bian yu lin@4著
801  0 @aCN@b91CIP@c20170528
905    @aMuseLib@dG232-53@e103
    
    编辑路上的风景/卞毓麟著.-北京:首都师范大学出版社,2017
    299页;24cm.-(书林守望丛书)
    
    
    ISBN 978-7-5656-3521-2:CNY43.00
    本书记述了作者从事科普编辑及科普创作的工作历程,分享了作者多年来从工作实践中得来的经验和思考,真实且实用。其间的人物掌故、品评鉴赏以及对新时期编辑出版工作的探索,均具有宝贵价值。全书分从“《编辑的故事》说起”“108种书的中译本”“在阿西莫夫家做客”“《我是编辑》启示录”等16章。本书作为“书林守望丛书”的一种,将为我国出版事业的发展繁荣提供积累与借鉴。
●
相关链接 在E读中查询图书 在五车中查询图书 在当当中查询图书 在豆瓣中查询图书


正题名:编辑路上的风景     索取号:G232-53/103         预约/预借

序号 登录号 条形码 馆藏地/架位号 状态 备注
1 1116869   211168699   第一样本阅览室/ [索取号:G232-53/103] 在馆    
2 1116870   211168706   教育系资料室/ [索取号:G232-53/103] 在馆    
3 1116871   211168715   教育系资料室/ [索取号:G232-53/103] 在馆    
4 1116872   211168724   第四借阅区/ [索取号:G232-53/103] 在馆    
唐山师范学院图书馆 欢迎您!
大连网信软件有限公司© 版权所有